00302nam a2200097Ia 4500001000800000005001700008008004100025020001800066245010100084260001900185127227920260417151425.0260417s9999 xx 000 0 und d a9786258159080 0aDevasa Dinozorların Büyük Kitabı - Minik Dinozorların Küçük KitabıcCristina Banfi bKetebe Çocuk